LEADER 01983oam 2200553zu 450 001 996206263003316 005 20210807000239.0 010 $a1-5386-0201-6 035 $a(CKB)1000000000022771 035 $a(SSID)ssj0000393521 035 $a(PQKBManifestationID)12118619 035 $a(PQKBTitleCode)TC0000393521 035 $a(PQKBWorkID)10363081 035 $a(PQKB)10640099 035 $a(EXLCZ)991000000000022771 100 $a20160829d2005 uy 101 0 $aeng 181 $ctxt 182 $cc 183 $acr 200 10$aAdvanced video and signal based surveillance : proceedings of AVSS 2005 : Como, Italy, 15-16 September 2005 210 31$a[Place of publication not identified]$cIEEE$d2005 300 $aBibliographic Level Mode of Issuance: Monograph 311 $a0-7803-9385-6 606 $aTelevision in security systems$vCongresses 606 $aElectronic surveillance$vCongresses 606 $aClosed-circuit television$vCongresses 606 $aImage processing$vCongresses 606 $aComputer vision$vCongresses 606 $aElectrical Engineering$2HILCC 606 $aElectrical & Computer Engineering$2HILCC 606 $aEngineering & Applied Sciences$2HILCC 615 0$aTelevision in security systems 615 0$aElectronic surveillance 615 0$aClosed-circuit television 615 0$aImage processing 615 0$aComputer vision 615 7$aElectrical Engineering 615 7$aElectrical & Computer Engineering 615 7$aEngineering & Applied Sciences 676 $a621.389/28 712 02$aIEEE Signal Processing Society 712 02$aIEEE Computer Society 712 12$aIEEE International Conference on Advanced Video and Signal Based Surveillance 801 0$bPQKB 906 $aPROCEEDING 912 $a996206263003316 996 $aAdvanced video and signal based surveillance : proceedings of AVSS 2005 : Como, Italy, 15-16 September 2005$92416954 997 $aUNISA LEADER 04862nam 22007692 450 001 9910790872903321 005 20220916110631.0 010 $a1-78138-794-X 010 $a1-78138-940-3 010 $a1-84631-998-6 035 $a(CKB)2550000001151019 035 $a(EBL)1591041 035 $a(SSID)ssj0001189925 035 $a(PQKBManifestationID)11777559 035 $a(PQKBTitleCode)TC0001189925 035 $a(PQKBWorkID)11198478 035 $a(PQKB)10935572 035 $a(StDuBDS)EDZ0000174516 035 $a(MiAaPQ)EBC1481064 035 $a(UkCbUP)CR9781781387948 035 $a(Au-PeEL)EBL1481064 035 $a(CaPaEBR)ebr10785777 035 $a(CaONFJC)MIL878022 035 $a(OCoLC)863822170 035 $a(MiAaPQ)EBC1591041 035 $a(Au-PeEL)EBL1591041 035 $a(OCoLC)867929563 035 $a(EXLCZ)992550000001151019 100 $a20170307d2013|||| uy| 0 101 0 $aeng 135 $aur||||||||||| 181 $ctxt$2rdacontent 182 $cc$2rdamedia 183 $acr$2rdacarrier 200 00$aSurveying the American tropics $ea literary geography from New York to Rio /$fedited by Maria Cristina Fumagalli, Peter Hulme, Owen Robinson, and Lesley Wylie$b[electronic resource] 210 1$aLiverpool :$cLiverpool University Press,$d2013. 215 $a1 online resource (x, 365 pages) $cdigital, PDF file(s) 225 1 $aAmerican tropics ;$v2 300 $aTitle from publisher's bibliographic system (viewed on 11 Aug 2017). 311 1 $a1-84631-890-4 320 $aIncludes bibliographical references and index. 327 $aA tree grows in Bajan Brooklyn : writing Caribbean New York / Martha Jane Nadell -- Reading the novum world : the literary geography of science fiction in Junot Diaz's The brief wonderful life of Oscar Wao / Mari?a del Pilar Blanco -- Inventing tropicality : writing fever, writing trauma in Leslie Marmon Silko's Almanac of the dead and Gardens in the dunes / Hsinya Huang -- Imperial archaeology : the American isthmus as contested scientific contact zone / Gesa Mackenthun -- Space age tropics / Mimi Sheller -- Black Jacobins and new world Mediterraneans / Susan Gillman -- The Oloffson / Alasdair Pettinger -- Dark thresholds in Trinidad : regarding the colonial house / Jak Peake -- Micronations of the Caribbean / Russell McDougall -- Golden kings, cocaine lords, and the madness of El Dorado : Guayana as native and colonial imaginary / Neil L. Whitehead -- Suriname literary geography : the changing same / Richard Price and Sally Price -- The art of observation : race and landscape in A journey in Brazil / Nina Gerassi-Navarro. 330 $a"American Tropics' refers to a kind of extended Caribbean, an area that includes the southern USA, the Atlantic littoral of Central America, the Caribbean islands, and northern South America. European colonial powers fought intensively here against indigenous populations and against each other for control of land and resources. The regions in the American Tropics share a history in which the dominant fact is the arrival of millions of white Europeans and black Africans; share an environment that is tropical or sub-tropical; and share a socio-economic model (the plantation), whose effects lasted at least well into the twentieth century. The imaginative space of the American Tropics therefore offers a differently centred literary history from those conventionally produced as US, Caribbean, or Latin American literature.This important collection brings together essays by distinguished scholars, including the late Neil Whitehead, Richard Price, Sally Price, and Susan Gillman, that engage with the idea of a literary geography of the American Tropics and that represent the rich diversity of the writing produced within this geographical area. 410 0$aAmerican tropics ;$v2. 606 $aAmerican literature$xHistory and criticism 606 $aCaribbean literature$xHistory and criticism 606 $aCentral American literature$xHistory and criticism 606 $aLatin American literature$xHistory and criticism 606 $aImperialism in literature 607 $aWest Indies$xIn literature 607 $aLatin America$xIn literature 615 0$aAmerican literature$xHistory and criticism. 615 0$aCaribbean literature$xHistory and criticism. 615 0$aCentral American literature$xHistory and criticism. 615 0$aLatin American literature$xHistory and criticism. 615 0$aImperialism in literature. 676 $a809.897 702 $aFumagalli$b Maria Cristina 702 $aHulme$b Peter 702 $aRobinson$b Owen 702 $aWylie$b Lesley 801 0$bUkCbUP 801 1$bUkCbUP 906 $aBOOK 912 $a9910790872903321 996 $aSurveying the American tropics$93689848 997 $aUNINA